000 00611nam a2200181Ia 4500
005 20250508161842.0
008 008 250505s9999 xx 000 0 eng d
037 _aDissertations
040 _aFEDL
_beng
_cFEDL
041 _aeng
_2eng
084 _a375.65, AGA/DI
_qFEDL
100 _aAgarwal Chandra Kishor
_9771688
245 0 _aStudy of the development of curriculum of commerce courses as prescribed by the University of Delhi during the las decade
260 _c1977
546 _aM. Ed. Dissertation (Delhi University)
942 _cDIS
_h375.65, AGA/DI
999 _c1372666
_d1372666